000 00650nam a2200217Ii 4500
001 14050
003 CO-ViMGA
008 241108s9999||||xx |||||||||||||| ||und||
020 _a9589589014
040 _aCO-ViMGA
_bspa
_erda
_cCO-ViMGA
041 0 _aspa
082 0 4 _a370.19364 - P17e
100 1 _aFrancisco Parra Sandoval
_947002
245 1 0 _aLa educación rural:
_bde la utopía a la realidad
264 1 _aBogotá, Colombia : Coruniversitaria, 1996
300 _avolumen
336 _atext
_btxt
_2rdacontent
337 _aunmediated
_bn
_2rdamedia
338 _avolume
_bnc
_2rdacarrier
940 _aidficha_siabuc: 13748. -- ficha_no_siabuc:14050
999 _c41581
_d41581